Statistics for US flattest states (Their highest point is the lowest of all the states)

Click here to take the quiz!

General Stats

  • This quiz has been taken 34 times
  • The average score is 9 of 10

Answer Stats

Point(m)Answer% Correct
105Florida
91%
247Rhode Island
91%
376Illinois
91%
383Indiana
91%
472Ohio
91%
136Delaware
88%
246Mississippi
88%
509Iowa
84%
163Louisiana
78%
540Missouri
78%

Score Distribution

Percentile by Number Answered

Percent of People with Each Score

Your Score History

You have not taken this quiz